00414nam a2200145Ia 450000500170000000800410001708200130005810000190007124500920009025000080018226000440019030000110023465000130024565000100025820240605010125.0240331s9999 xx 000 0 und d bENDa362 aBhaban,S.K. ed 0aEndangered humanity :ba field observation report on repression on minority hindu women a1st aDhakabBangladesh Mahila Parishadc2002 a46 p., aHumanity aWomen